MARC

LEADER 00000nam0a2200000 4500
001 276327
005 20231101234917.0
035 |a (RuTPU)RU\TPU\book\299586 
090 |a 276327 
100 |a 20141120d1985 km y0rusy50 ca 
101 0 |a rus 
102 |a RU 
105 |a a z 000zy 
200 1 |a СЭВ: реальности и перспективы сотрудничества  |f Совет экономической взаимопомощи (СЭВ), Секретариат ; под ред. В. Д. Демидова 
210 |a Москва  |c Секретариат СЭВ  |d 1985 
215 |a 39 с.  |c ил. 
606 1 |a Совет Экономической Взаимопомощи (СЭВ)  |2 stltpush  |3 (RuTPU)RU\TPU\subj\36927  |9 58123 
610 1 |a социалистические страны 
610 1 |a экономические отношения 
610 1 |a международные объединения 
610 1 |a международные организации 
610 1 |a научно-техническое сотрудничество 
610 1 |a промышленность 
610 1 |a энергетический комплекс 
610 1 |a агропромышленные комплексы 
610 1 |a внешняя торговля 
686 |a У680-651  |v LBC/SL-A  |2 rubbk 
702 1 |a Демидов  |b В. Д.  |4 340 
712 0 2 |a Совет экономической взаимопомощи (СЭВ)  |b Секретариат  |c межправительственная экономическая организация социалистических государств  |z 1949-  |2 stltpush  |3 (RuTPU)RU\TPU\col\6082 
801 1 |a RU  |b 63413507  |c 20141120 
801 2 |a RU  |b 63413507  |c 20151116  |g RCR 
942 |c BK